| 000 | 01067nam a2200325 i 4500 | ||
|---|---|---|---|
| 003 | EG-GICUC | ||
| 005 | 20260127135500.0 | ||
| 008 | 260127s1965 fr ||||fr|||| 000 0 fre d | ||
| 040 |
_aEG-GiCUC _bger _cEG-GiCUC _dEG-GiCUC _erda |
||
| 041 | _afre | ||
| 082 | 0 | 4 |
_221 _a341.84 _bDA . L |
| 092 | 0 | 4 | _221 |
| 099 | _aLaw1 12 341.84 DA . L 1965 | ||
| 100 | 1 |
_aDavid, Cyrille _eAuteur |
|
| 245 | 1 | 3 |
_aLa Loi Étrangère Devant Le Juge Du Fond. _nVolume III / _cPar Cyrille David. |
| 264 | 1 |
_aParis : _bLibrairie Dalloz, _c1965. |
|
| 300 |
_a337 pages, _c24 cm _billustration ; |
||
| 336 |
_2rda content _atext |
||
| 337 |
_2rda media _aComputer |
||
| 338 |
_2rda carrier _aOnline Resource |
||
| 490 | _aBibliothèque De Droit International Privé | ||
| 504 | _aBibliography: pages 200-250. | ||
| 546 | _aTexte en français | ||
| 650 | 1 | 4 |
_aConflit de lois _2qrmak _xDroit international |
| 651 | 1 | _2qrmak | |
| 700 | 1 |
_aBatiffol, Henri _ePréfacier |
|
| 856 | 4 | 0 | _uhttps://fll.law.cu.edu.eg/fulltext/bks/B12-02350.pdf |
| 905 | _a79 | ||
| 942 |
_2ddc _cBK _e21 _n0 |
||
| 999 |
_c59586 _d59586 |
||